00374 a2200109 4500001001000000005001700010008004100027245009000068100002700158700002400185773005500209ART_2282420260410161701.0260409a 10a¿La competencia por deudores recién incorporados perjudica el acceso al crédito?1 aBalzarotti, Verónica1 aAnastasi, Alejandra0 tEnsayos Económicosg- Nº 69 (dic. 2013)wREV620